<?xml version="1.0" encoding="UTF-8"?>
<record
    xmlns:xsi="http://www.w3.org/2001/XMLSchema-instance"
    xsi:schemaLocation="http://www.loc.gov/MARC21/slim http://www.loc.gov/standards/marcxml/schema/MARC21slim.xsd"
    xmlns="http://www.loc.gov/MARC21/slim">

  <leader>00470nam a2200169Ia 4500</leader>
  <controlfield tag="008">230711s9999||||xx |||||||||||||| ||und||</controlfield>
  <datafield tag="020" ind1=" " ind2=" ">
    <subfield code="a">978-0-07-463748-7</subfield>
  </datafield>
  <datafield tag="041" ind1=" " ind2=" ">
    <subfield code="a">ENG</subfield>
  </datafield>
  <datafield tag="082" ind1=" " ind2=" ">
    <subfield code="a">621.20424</subfield>
    <subfield code="b">MA-O</subfield>
  </datafield>
  <datafield tag="100" ind1=" " ind2=" ">
    <subfield code="a">Majumdar,S.R</subfield>
  </datafield>
  <datafield tag="245" ind1=" " ind2="0">
    <subfield code="a">Oil Hydraulic Systems : Principles and Maintenance</subfield>
  </datafield>
  <datafield tag="250" ind1=" " ind2=" ">
    <subfield code="a">1st Ed.</subfield>
  </datafield>
  <datafield tag="260" ind1=" " ind2=" ">
    <subfield code="c">2017</subfield>
    <subfield code="a">New Delhi</subfield>
    <subfield code="b">McGraw Hill Education(India) Private Limited</subfield>
  </datafield>
  <datafield tag="300" ind1=" " ind2=" ">
    <subfield code="a">548p.</subfield>
  </datafield>
  <datafield tag="650" ind1=" " ind2=" ">
    <subfield code="a">Mechanical Engineering</subfield>
  </datafield>
  <datafield tag="942" ind1=" " ind2=" ">
    <subfield code="c">BK</subfield>
  </datafield>
  <datafield tag="952" ind1=" " ind2=" ">
    <subfield code="0">0</subfield>
    <subfield code="1">0</subfield>
    <subfield code="4">0</subfield>
    <subfield code="7">0</subfield>
    <subfield code="8">C</subfield>
    <subfield code="a">MCL</subfield>
    <subfield code="b">MCL</subfield>
    <subfield code="d">2043-08-09</subfield>
    <subfield code="e">Krishna Book Distributors</subfield>
    <subfield code="g">715.00</subfield>
    <subfield code="i">KBD/2017-2018/1019343028</subfield>
    <subfield code="l">0</subfield>
    <subfield code="o">621.20424 MA-O</subfield>
    <subfield code="p">39615</subfield>
    <subfield code="r">2023-08-17 14:05:47</subfield>
    <subfield code="w">2023-08-17</subfield>
    <subfield code="y">BK</subfield>
  </datafield>
  <datafield tag="952" ind1=" " ind2=" ">
    <subfield code="0">0</subfield>
    <subfield code="1">0</subfield>
    <subfield code="4">0</subfield>
    <subfield code="7">0</subfield>
    <subfield code="8">C</subfield>
    <subfield code="a">MCL</subfield>
    <subfield code="b">MCL</subfield>
    <subfield code="d">2043-08-09</subfield>
    <subfield code="e">Krishna Book Distributors</subfield>
    <subfield code="g">715.00</subfield>
    <subfield code="i">KBD/2017-2018/1019343028</subfield>
    <subfield code="l">0</subfield>
    <subfield code="o">621.20424 MA-O</subfield>
    <subfield code="p">39616</subfield>
    <subfield code="r">2023-08-17 14:59:18</subfield>
    <subfield code="w">2023-08-17</subfield>
    <subfield code="y">BK</subfield>
  </datafield>
  <datafield tag="952" ind1=" " ind2=" ">
    <subfield code="0">0</subfield>
    <subfield code="1">0</subfield>
    <subfield code="4">0</subfield>
    <subfield code="7">0</subfield>
    <subfield code="8">C</subfield>
    <subfield code="a">MCL</subfield>
    <subfield code="b">MCL</subfield>
    <subfield code="d">2043-08-09</subfield>
    <subfield code="e">Krishna Book Distributors</subfield>
    <subfield code="g">715.00</subfield>
    <subfield code="i">KBD/2017-2018/1019343028</subfield>
    <subfield code="l">0</subfield>
    <subfield code="o">621.20424 MA-O</subfield>
    <subfield code="p">39617</subfield>
    <subfield code="r">2023-08-17 14:59:18</subfield>
    <subfield code="w">2023-08-17</subfield>
    <subfield code="y">BK</subfield>
  </datafield>
  <datafield tag="952" ind1=" " ind2=" ">
    <subfield code="0">0</subfield>
    <subfield code="1">0</subfield>
    <subfield code="4">0</subfield>
    <subfield code="7">0</subfield>
    <subfield code="8">C</subfield>
    <subfield code="a">MCL</subfield>
    <subfield code="b">MCL</subfield>
    <subfield code="d">2043-08-09</subfield>
    <subfield code="e">Krishna Book Distributors</subfield>
    <subfield code="g">715.00</subfield>
    <subfield code="i">KBD/2017-2018/1019343028</subfield>
    <subfield code="l">0</subfield>
    <subfield code="o">621.20424 MA-O</subfield>
    <subfield code="p">39618</subfield>
    <subfield code="r">2023-08-17 14:59:18</subfield>
    <subfield code="w">2023-08-17</subfield>
    <subfield code="y">BK</subfield>
  </datafield>
  <datafield tag="952" ind1=" " ind2=" ">
    <subfield code="0">0</subfield>
    <subfield code="1">0</subfield>
    <subfield code="4">0</subfield>
    <subfield code="7">0</subfield>
    <subfield code="8">C</subfield>
    <subfield code="a">MCL</subfield>
    <subfield code="b">MCL</subfield>
    <subfield code="d">2043-08-09</subfield>
    <subfield code="e">Krishna Book Distributors</subfield>
    <subfield code="g">715.00</subfield>
    <subfield code="i">KBD/2017-2018/1019343028</subfield>
    <subfield code="l">0</subfield>
    <subfield code="o">621.20424 MA-O</subfield>
    <subfield code="p">39619</subfield>
    <subfield code="r">2023-08-17 14:59:18</subfield>
    <subfield code="w">2023-08-17</subfield>
    <subfield code="y">BK</subfield>
  </datafield>
  <datafield tag="999" ind1=" " ind2=" ">
    <subfield code="c">6664</subfield>
    <subfield code="d">6664</subfield>
  </datafield>
</record>
